000 00701nam a2200205 i 4500
001 150295
003 ES-MaACL
005 20250815121326.0
007 t|
008 071029s1968 sp ||||1| spa d
100 1 _aVallery-Radot, Jean.
_9112867
245 1 0 _aDibujos franceses
_b: desde el siglo XV a Géricault /
_cJean Vallery-Radot ; [traducción de José Company].
260 _aBarcelona :
_bGustavo Gili,
_c[1968]
300 _a141 p., 48 lám. col., 1 h. pleg. ;
_c24 cm.
490 1 _aLos mejores dibujos del mundo
700 1 _aCompany Bueno, José.
_940040
830 0 4 _aLos mejores dibujos del mundo
_9221130
852 _aES-MaACL
_jE-6260
_bR.90729
999 _c150295
_d150295